=LDR 00000nam 2200000 4500 =001 INLIS000000000052987 =005 20180321083757 =035 ##$$a 0010-0318000214 =007 ta =008 180321###########################0###### =020 ##$$a 978-979-9107-56-5 =082 ##$$a 639.2 =084 ##$$a 639.2 ASR c =100 #$$a Asrori =245 1#$$a Cara membuat ikan asin /$c Asrori =260 ##$$a Semarang :$b Sindu press,$c 2008 =300 ##$$a 57 hlm : $b Ilus ; $c 20 cm =650 ##$$a Perikanan teknologi =504 ##$$a Bibliografi : hlm 58 =990 ##$$a 62326232 =990 ##$$a 62326232 =990 ##$$a 62326232 =990 ##$$a 62326232 =990 ##$$a 62326232 =990 ##$$a 21710096 =990 ##$$a 01201806232 =990 ##$$a 01201806233 =990 ##$$a 01201806234 =990 ##$$a 01201806235 =990 ##$$a 21710097 =990 ##$$a 01201806232 =990 ##$$a 01201806233 =990 ##$$a 01201806234 =990 ##$$a 21710096 =990 ##$$a 21710098 =990 ##$$a 01201806232 =990 ##$$a 01201806233 =990 ##$$a 21710097 =990 ##$$a 21710096 =990 ##$$a 21710099 =990 ##$$a 01201806232 =990 ##$$a 21710098 =990 ##$$a 21710097 =990 ##$$a 21710096 =990 ##$$a 21710100 =990 ##$$a 21710099 =990 ##$$a 21710098 =990 ##$$a 21710097 =990 ##$$a 21710096